K problematice odstátnění sociální péče.
Nárast počtu neštátnych zariadení v ČR, ktoré sa angažujú v poskytovaní rôznych foriem sociálnej starostlivosti. Neštátne subjekty a ich činnosť. Uznesenie vlády ČR č. 131/1991 a jeho význam pre ovplyvňovanie záujmu o poskytovanie sociálnych služieb neštátnymi subjektami. Pravidlá pre poskytovanie d...
Salvato in:
| Autore principale: | |
|---|---|
| Natura: | Capitolo di libro |
| Lingua: | ceco |
| Soggetti: | |
| Tags: |
Nessun Tag, puoi essere il primo ad aggiungerne!!
|
MARC
| LEADER | 00000naa a2200000 4500 | ||
|---|---|---|---|
| 001 | r013746 | ||
| 005 | 20221213083106.2 | ||
| 041 | 0 | |a cze | |
| 044 | |a CZ | ||
| 245 | 1 | 0 | |a K problematice odstátnění sociální péče. |c J. Filáčková |
| 520 | |a Nárast počtu neštátnych zariadení v ČR, ktoré sa angažujú v poskytovaní rôznych foriem sociálnej starostlivosti. Neštátne subjekty a ich činnosť. Uznesenie vlády ČR č. 131/1991 a jeho význam pre ovplyvňovanie záujmu o poskytovanie sociálnych služieb neštátnymi subjektami. Pravidlá pre poskytovanie dotácií zo štátneho rozpočtu. | ||
| 610 | 2 | 0 | |a starostlivosť sociálna |
| 610 | 2 | 0 | |a zabezpečenie sociálne |
| 610 | 2 | 0 | |a privatizácia |
| 610 | 2 | 0 | |a Čechy |
| 610 | 2 | 0 | |a služby sociálne |
| 610 | 2 | 0 | |a dotácie |
| 610 | 2 | 0 | |a rozpočet štátny |
| 100 | 1 | |a Filáčková, J. | |